ميناء ”برونفر” و دوره المدني و الحربي /
محفوظ في:
المؤلف الرئيسي:
التنسيق: كتاب
اللغة: Undetermined
منشور في:
2020
الوسوم: إضافة وسم
لا توجد وسوم, كن أول من يضع وسما على هذه التسجيلة!
رقم الطلب: Diss.,163
| LEADER | 00502nam a2200121Ia 4500 | ||
|---|---|---|---|
| 008 | 231023s9999||||xx |||||||||||||| ||und|| | ||
| 050 | 4 | |a Diss.,163 | |
| 100 | 0 | |a انتصار كامل حافظ محمود | |
| 245 | 1 | 0 | |a ميناء ”برونفر” و دوره المدني و الحربي / |c انتصار كامل حافظ محمود. |
| 264 | 1 | |c 2020 | |
| 942 | |2 lcc |c THESES | ||
| 952 | |0 0 |1 0 |2 lcc |4 0 |7 0 |9 51060 |a ARCE |b ARCE |d 2023-10-23 |l 0 |o Diss.,163 |p 1036433 |r 2023-10-23 00:00:00 |w 2023-10-23 |y THESES | ||
| 999 | |c 54838 |d 54838 | ||
